000 008000000a22002410004500
090 _aAR
_b03274
245 1 0 _aPronophiline butterflies (<Satyridae>) of the three andean cordilleras of Colombia
650 1 4 _aInsectos
_992622
650 1 4 _aEntomología
_94483
650 1 4 _aDistribución geográfica
_992997
650 1 4 _aTaxonomía animal
_98245
650 1 4 _aEcología
_992250
650 1 4 _aEspeciación alopátrica
_994632
650 1 4 _aSubespeciación
_996868
650 1 4 _aGradientes altitudinales
_993938
651 4 _lCordillera de los Andes
_pColombia
_992749
653 _fSatyridae
041 0 _aInglés
700 1 _aDorsel, Blandford
_996869
100 1 _aAdams, Michael J.
_995565
942 _cARTICULO
773 1 _tZoological Journal of the Linnean Society
_3893
_q235-320
_d1986
_g87
999 _c12326
_d12326